Természetes nyelvű utasítások konstituencia-elemzés-alapú feldolgozása
Elmentve itt :
| Szerző: | |
|---|---|
| További közreműködők: | |
| Dokumentumtípus: | Szakdolgozat |
| Megjelent: |
2018
|
| Kulcsszavak: | konstituencia-elemzés konstituens fa természetesnyelv-feldolgozás parancsvégrehajtás Lilith |
| Tárgyszavak: | |
| Online Access: | http://diploma.bibl.u-szeged.hu/73046 |
| LEADER | 01199nta a2200277 i 4500 | ||
|---|---|---|---|
| 001 | dipl73046 | ||
| 005 | 20231028163114.0 | ||
| 008 | 190924s2018 hu om 0|| hun d | ||
| 040 | |a SZTE Diploma Repozitórium |b hun | ||
| 041 | |a hun | ||
| 100 | 1 | |a Ádám László | |
| 245 | 1 | 0 | |a Természetes nyelvű utasítások konstituencia-elemzés-alapú feldolgozása |h [elektronikus dokumentum] / |c László Ádám |
| 246 | 1 | 0 | |a Constituency-based Processing of Natural Language Commands |h [elektronikus dokumentum] |
| 260 | |c 2018 | ||
| 650 | 4 | |a Természettudományok | |
| 650 | 4 | |a Natural sciences | |
| 650 | 4 | |a Computer and information sciences | |
| 695 | |a konstituencia-elemzés | ||
| 695 | |a konstituens fa | ||
| 695 | |a természetesnyelv-feldolgozás | ||
| 695 | |a parancsvégrehajtás | ||
| 695 | |a Lilith | ||
| 700 | 1 | |a Berend Gábor |e ths | |
| 856 | 4 | 0 | |u https://diploma.bibl.u-szeged.hu/id/eprint/73046/1/2018_%C3%81d%C3%A1m_L%C3%A1szl%C3%B3_LC3QQC_SZ.pdf |z Dokumentum-elérés |
| 856 | 4 | 0 | |u https://diploma.bibl.u-szeged.hu/id/eprint/73046/7/2018_adam_laszlo_biralati_lap.pdf |z Dokumentum-elérés |
| 856 | 4 | 0 | |u https://diploma.bibl.u-szeged.hu/id/eprint/73046/8/2018_adam_laszlo.zip |z Dokumentum-elérés |